| 000 | 00000nas 2200000zi 4500 |
| 001 | 9.912671 |
| 003 | CaOODSP |
| 005 | 20221107182629 |
| 006 | m o d f |
| 007 | cr cn||||||||| |
| 008 | 220623c20229999oncux m ol f0###|0fre|d |
| 040 | |aCaOODSP|bfre|erda|cCaOODSP |
| 043 | |an-cn--- |
| 086 | 1 |aYC3-441/0-2F-PDF |
| 110 | 1 |aCanada. |bParlement. |bComité mixte spécial sur l’aide médicale à mourir, |eauteur, |eorganisme de publication. |
| 245 | 10|aRapport / |cComité mixte spécial sur l'aide médicale à mourir. |
| 264 | 1|aOttawa : |bComité mixte spécial sur l'aide médicale à mourir, |c2022- |
| 310 | |aIrrégulier |
| 336 | |atexte|btxt|2rdacontent/fre |
| 337 | |ainformatique|bc|2rdamedia/fre |
| 338 | |aressource en ligne|bcr|2rdacarrier/fre |
| 362 | 1 |aParaît depuis: Premier rapport (juin 2022). |
| 500 | |aPublié aussi en anglais sous le titre : Report. |
| 500 | |aPortée: rapports principaux du comité sur les projets de loi et les études spéciales. |
| 588 | |aDescription d'après : premier rapport (juin 2022). |
| 588 | |aDernière livraison consultée : premier rapport (juin 2022). |
| 650 | 6|aEuthanasie|xDroit|zCanada|vLégislation. |
| 650 | 6|aDroit à la mort|xDroit|zCanada|vLégislation. |
| 775 | 08|tReport / |w(CaOODSP)9.912672 |